Statystyki dla Państwa graniczące z Zatoką Bengalską na pustej mapie

Kliknij tutaj aby rozwiązać quiz!

Ogólne statystyki

  • Ten quiz został rozwiązany 5 727 razy
  • Średni wynik to 6 z 6

Odpowiedzi na mapie

Odpowiedzi skodowane kolorowo w zielono-czerwonej skali na mapie do tego quizu, zgodnie z poniższymi procentami.
 

Statystyki odpowiedzi

Kraje% Poprawnych
Indie
100%
Bangladesz
97%
Mjanma
96%
Tajlandia
94%
Sri Lanka
93%
Indonezja
80%

Rozkład punktacji

Percentyl według liczby udzielonych odpowiedzi

Procent ludzi z każdym wynikiem

Twoja historia wyników

Nie rozwiązałeś tego quizu